[Event "RUS-ch Blitz Women 2018"]
[Site "Sochi"]
[Date "2018.10.07"]
[Round "10"]
[White "Belenkaya, Dina"]
[Black "Goltseva, Ekaterina"]
[Result "1-0"]
[WhiteElo "2329"]
[BlackElo "2169"]
[Annotator "NA"]
[PlyCount "143"]
[EventDate "2018.10.07"]
[EventType "swiss"]
[EventCountry "RUS"]
[SourceTitle "playchess.com"]
[Source "ChessBase"]
[SourceQuality "1"]
[TimeControl "180+2"]

1. e4 {[%emt 0:00:00]} e5 {[%emt 0:00:00]} 2. Nf3 {[%emt 0:00:00]} Nc6 {[%emt 0:00:00]} 3. Nc3 {[%emt 0:00:01]} Nf6 {[%emt 0:00:00]} 4. d4 {[%emt 0:00:01]} exd4 $11 {[%emt 0:00:05] LiveBook: 3543 Partien} 5. Nxd4 {[%emt 0:00:01]} Bb4 {[%emt 0:00:01]} 6. Nxc6 {[%emt 0:00:01]} bxc6 {[%emt 0:00:01]} 7. Bd3 {[%emt 0:00:02]} d5 {[%emt 0:00:03]} 8. exd5 {[%emt 0:00:01]} cxd5 {[%emt 0:00:01]} 9. O-O {[%emt 0:00:02]} O-O {[%emt 0:00:02]} 10. Bg5 {[%emt 0:00:02]} c6 {[%emt 0:00:01]} 11. Qf3 {[%emt 0:00:01]} Bd6 {[%emt 0:00:07]} 12. Rfe1 {[%emt 0:00:04]} Be6 {[%emt 0:00:15]} 13. h3 {[%emt 0:00:06]} Rb8 {[%emt 0:00:05]} 14. Rab1 {[%emt 0:00:08]} h6 {[%emt 0:00:08]} 15. Bf4 {[%emt 0:00:05]} Rb4 {[%emt 0:00:15]} 16. Ne2 {[%emt 0:00:03]} Qb8 {[%emt 0:00:15]} 17. Bxd6 {[%emt 0:00:01]} Qxd6 {[%emt 0:00:01]} 18. c3 {[%emt 0:00:03]} Rb6 {[%emt 0:00:04]} 19. Nd4 {[%emt 0:00:09]} c5 {[%emt 0:00:13]} 20. Nf5 {[%emt 0:01:10]} Bxf5 {[%emt 0:00:03]} 21. Qxf5 {[%emt 0:00:07]} Rfb8 {[%emt 0:00:09]} 22. b3 {[%emt 0:00:07]} a5 {[%emt 0:00:03]} 23. Bc2 {[%emt 0:00:04]} R6b7 {[%emt 0:00:28]} 24. Rbd1 {[%emt 0:00:16]} Rd8 {[%emt 0:00:29]} 25. Re3 {[%emt 0:00:20]} g6 {[%emt 0:00:28]} 26. Qf3 {[%emt 0:00:05]} Re7 {[%emt 0:00:05]} 27. Rde1 {[%emt 0:00:04]} Rde8 {[%emt 0:00:02]} 28. Bd3 {[%emt 0:00:14]} Kg7 {[%emt 0:00:01]} 29. Bb5 {[%emt 0:00:03]} Rxe3 {[%emt 0:00:05]} 30. fxe3 {[%emt 0:00:04]} Re6 {[%emt 0:00:10]} 31. Rd1 {[%emt 0:00:09]} Qe5 {[%emt 0:00:02]} 32. c4 {[%emt 0:00:06]} dxc4 {[%emt 0:00:07]} 33. Bxc4 {[%emt 0:00:02]} Qxe3+ {[%emt 0:00:02]} 34. Qxe3 {[%emt 0:00:03]} Rxe3 {[%emt 0:00:01]} 35. Rd6 {[%emt 0:00:05]} Re1+ {[%emt 0:00:09]} 36. Kh2 {[%emt 0:00:02]} Ra1 {[%emt 0:00:03]} 37. a4 {[%emt 0:00:01]} Ne4 {[%emt 0:00:05]} 38. Rd7 {[%emt 0:00:02]} Nd2 {[%emt 0:00:04]} 39. Rxf7+ {[%emt 0:00:03]} Kh8 {[%emt 0:00:02]} 40. Rf8+ {[%emt 0:00:09]} Kg7 {[%emt 0:00:02]} 41. Rf7+ {[%emt 0:00:01]} Kh8 {[%emt 0:00:00]} 42. Be6 {[%emt 0:00:10]} Nf1+ {[%emt 0:00:03]} 43. Kg1 {[%emt 0:00:01]} Nd2+ {[%emt 0:00:02]} 44. Kf2 {[%emt 0:00:01]} Rb1 {[%emt 0:00:03]} 45. Rf8+ {[%emt 0:00:05]} Kg7 {[%emt 0:00:01]} 46. Rb8 {[%emt 0:00:01]} c4 {[%emt 0:00:02]} 47. Ke2 {[%emt 0:00:05]} cxb3 {[%emt 0:00:03]} 48. Kxd2 {[%emt 0:00:02]} Rb2+ {[%emt 0:00:01]} 49. Kc3 {[%emt 0:00:01]} Rxg2 {[%emt 0:00:02]} 50. Kxb3 {[%emt 0:00:00]} Kf6 {[%emt 0:00:02]} 51. Bd7 {[%emt 0:00:01]} Rd2 {[%emt 0:00:01]} 52. Rb7 {[%emt 0:00:02]} Rd4 {[%emt 0:00:02]} 53. Ra7 {[%emt 0:00:02]} h5 {[%emt 0:00:04]} 54. Bc8 {[%emt 0:00:02]} Rd5 {[%emt 0:00:01]} 55. Ra6+ {[%emt 0:00:02]} Kg5 {[%emt 0:00:01]} 56. Be6 {[%emt 0:00:03]} Re5 {[%emt 0:00:01]} 57. Bf7 {[%emt 0:00:01]} Re3+ {[%emt 0:00:02]} 58. Kc4 {[%emt 0:00:01]} Rxh3 {[%emt 0:00:02]} 59. Rxg6+ {[%emt 0:00:01]} Kf4 {[%emt 0:00:01]} 60. Kb5 {[%emt 0:00:04]} Re3 {[%emt 0:00:05]} 61. Kxa5 {[%emt 0:00:02]} h4 {[%emt 0:00:02]} 62. Kb4 {[%emt 0:00:05]} Re4+ {[%emt 0:00:02]} 63. Kb5 {[%emt 0:00:01]} Re5+ {[%emt 0:00:01]} 64. Kb6 {[%emt 0:00:02]} h3 {[%emt 0:00:02]} 65. Rh6 {[%emt 0:00:04]} Kg3 {[%emt 0:00:02]} 66. a5 {[%emt 0:00:02]} h2 {[%emt 0:00:03]} 67. a6 {[%emt 0:00:01]} Re7 {[%emt 0:00:03]} 68. Bd5 {[%emt 0:00:01]} Rd7 {[%emt 0:00:02]} 69. Bc6 {[%emt 0:00:01]} Rd8 {[%emt 0:00:02]} 70. a7 {[%emt 0:00:01]} Kf2 {[%emt 0:00:02]} 71. Rxh2+ {[%emt 0:00:01]} Kg3 72. Rb2 1-0

[Event "RUS-ch Blitz Women 2018"]
[Site "Sochi"]
[Date "2018.10.07"]
[Round "10"]
[White "Tomilova, Elena"]
[Black "Kashlinskaya, Alina"]
[Result "0-1"]
[WhiteElo "2328"]
[BlackElo "2447"]
[Annotator "TA"]
[PlyCount "109"]
[EventDate "2018.10.07"]
[EventType "swiss"]
[EventCountry "RUS"]
[SourceTitle "playchess.com"]
[Source "ChessBase"]
[SourceQuality "1"]

{[%evp 18,109,-6,-22,3,0,106,8,11,-6,31,8,9,11,94,102,257,14,19,10,0,0,0,0,82,-12,-8,-10,-13,-8,0,-26,-24,-20,-19,-20,-12,-69,7,-16,-8,-11,-16,-15,0,-10,0,0,0,0,8,0,0,0,8,-8,-8,-33,-5,-90,-57,-258,-68,-74,0,-143,-54,-117,-116,-105,-38,-103,-42,-145,-67,-670,-664,-615,-339,-822,-766,-1154,-237,-350,-329,-323,-341,-317,-278,-270,-264,-12838,-11642,-29989]} 1. d4 Nf6 2. Bf4 d5 3. Nf3 e6 4. e3 c5 5. c3 Nc6 6. Nbd2 Bd6 7. Bg3 O-O 8. Bd3 b6 9. O-O {D02: 1 d4 d5 2 Nf3 sidelines, including 2...Nf6 3 g3 and 2...Nf6 3 Bf4} Bb7 10. Qe2 {LiveBook: 23 Games} Ne7 11. Rad1 {The position is equal.} Ne4 $146 (11... Nf5 $11) ({Predecessor:} 11... Qc7 12. Bxd6 Qxd6 13. Ne5 Rad8 14. Qf3 Ng6 15. Bxg6 hxg6 16. Qh3 Ba6 {1-0 (37) Kramnik,V (2810)-Hou,Y (2635) Medias 2016}) 12. Bxd6 ({Better is} 12. Nxe4 $16 dxe4 13. Bxe4 $1 {[%mdl 512]} Bxe4 14. dxc5 Bxg3 15. Rxd8 Raxd8 16. hxg3) 12... Nxd6 $11 13. e4 cxd4 14. Nxd4 dxe4 15. Nxe4 {Hoping for Nxe6!} Nxe4 (15... Ng6 $11 {keeps the balance.}) 16. Bxe4 $16 Bxe4 $2 (16... Qc8 $16) 17. Qxe4 $2 (17. Nxe6 $1 $18 Qe8 18. Nxf8 Bxg2 19. Kxg2 Qxf8 20. Qe4) 17... Qc7 $11 18. Rfe1 Rad8 {[%cal Ba8d8,Bd8d5,Bd5h5][%mdl 32]} 19. h3 h6 20. Rd3 Nd5 {[#]} (20... Qc8 $11) 21. Rg3 (21. Nxe6 $1 $16 fxe6 22. Qxe6+ Qf7 23. Qxf7+ Kxf7 24. Red1) 21... Nf6 22. Qh4 {And now Qxf6 would win.} Rd5 23. Ree3 ({Reject} 23. Qxf6 Qxg3 24. Qxf7+ Kxf7 $17) 23... Kh8 (23... Nh5 {keeps more tension.} 24. Rg4 b5 25. Re1 Rfd8 26. Nf3 Rf5) 24. Rgf3 {Threatens to win with Rxf6.} (24. Rxg7 {feels hotter.} Kxg7 25. Rg3+ Kh7 26. Qxf6 Rg8 27. Rxg8 Kxg8 28. Qxh6 b5 29. a3) 24... Rh5 25. Qg3 Qxg3 26. Rxg3 Rd8 27. Rd3 (27. Re2 $11) 27... Ne4 (27... Rhd5 $15 28. Rde3 e5) 28. Rge3 Nc5 29. Rd2 Rhd5 30. Rde2 Na4 31. f4 R8d7 32. g4 Kg8 33. Kg2 b5 34. a3 a6 35. f5 exf5 36. Nxf5 {Ne7+ is the strong threat.} Rd2 37. Re8+ Kh7 38. Kf3 (38. R8e7 $1 $11) 38... Rxb2 39. Ra8 $2 (39. R8e7 $1 $15 Rd3+ 40. R2e3 Rxe3+ 41. Kxe3) 39... Rd3+ $2 (39... Rxe2 $19 40. Kxe2 Nxc3+ 41. Ke3 g6) 40. Re3 $1 $15 {[%cal Re3d3]} Rxc3 (40... Rbd2 $17 {Strongly threatening ...g6.} 41. Ra7 Rd7 42. Rxa6 Nb2) 41. Rxa6 (41. Rxc3 $11 {was the only way to keep the balance.} Nxc3 42. Ra7) 41... Rbb3 (41... Rh2 $17 42. Kg3 Rxe3+ 43. Nxe3 Ra2) 42. Ra7 ({White should play} 42. Rxc3 $15 Rxc3+ 43. Kf4) 42... Rxe3+ $17 ({Much less strong is} 42... Rxa3 43. Rxc3 Rxc3+ 44. Kf4 $15) 43. Nxe3 {[%mdl 4096] Endgame KRN-KRN} f6 (43... Rxa3 $17 44. Rxf7 Nc5) 44. Rb7 (44. Kf2 $15) 44... Nc5 (44... h5 $17 45. gxh5 Rxa3) 45. Rb6 (45. Ra7 $15) 45... Nd3 (45... Rxa3 $17 {aiming for ...Rb3.} 46. h4 Rb3) 46. h4 $2 {[%mdl 8192]} (46. Rb7 $15) 46... Ne5+ $19 47. Kf4 g5+ 48. hxg5 $2 (48. Kf5 Rxe3 49. Rb7+ Kg8 50. Kxf6) 48... hxg5+ 49. Ke4 {[#]} Kg6 $2 (49... Rxe3+ $1 {[%mdl 512]} 50. Kxe3 Nc4+ 51. Kd4 Nxb6) 50. Nd5 (50. Ra6 $142) 50... Nxg4 51. Kd4 Rxa3 52. Rxb5 Ne5 53. Rb6 Ra4+ 54. Ke3 $2 (54. Kc3) 54... Nc4+ 55. Kd4 {Precision: White = 18%, Black = 27%.} 0-1

[Event "RUS-ch Blitz Women 2018"]
[Site "Sochi"]
[Date "2018.10.07"]
[Round "10"]
[White "Guseva, Marina"]
[Black "Diakonova, Ekaterina"]
[Result "1/2-1/2"]
[WhiteElo "2292"]
[BlackElo "2236"]
[Annotator "NA"]
[PlyCount "118"]
[EventDate "2018.10.07"]
[EventType "swiss"]
[EventCountry "RUS"]
[SourceTitle "playchess.com"]
[Source "ChessBase"]
[SourceQuality "1"]
[TimeControl "180+2"]

1. d4 {[%emt 0:00:00]} Nf6 {[%emt 0:00:00]} 2. c4 {[%emt 0:00:00]} c5 {[%emt 0:00:00]} 3. d5 {[%emt 0:00:01]} b5 {[%emt 0:00:00]} 4. cxb5 {[%emt 0:00:01]} a6 {[%emt 0:00:01]} 5. bxa6 {[%emt 0:00:01]} g6 {[%emt 0:00:01]} 6. Nc3 {[%emt 0:00:03]} Bg7 {[%emt 0:00:01]} 7. e4 {[%emt 0:00:01]} Qa5 {[%emt 0:00:04]} 8. Bd2 {[%emt 0:00:08]} Bxa6 {[%emt 0:00:02]} 9. Be2 {[%emt 0:00:22]} d6 {[%emt 0:00:08]} 10. Nf3 {[%emt 0:00:03]} O-O {[%emt 0:00:01]} 11. O-O {[%emt 0:00:04]} Nbd7 {[%emt 0:00:03]} 12. Bxa6 {[%emt 0:00:05]} Qxa6 {[%emt 0:00:01]} 13. Qc2 {[%emt 0:00:06]} Rfb8 {[%emt 0:00:16]} 14. a4 {[%emt 0:00:02]} Ne8 {[%emt 0:00:01]} 15. Nb5 {[%emt 0:00:12]} Qb7 {[%emt 0:00:03]} 16. Bc3 {[%emt 0:00:03]} Nc7 {[%emt 0:00:09]} 17. Nxc7 {[%emt 0:00:03]} Qxc7 {[%emt 0:00:02]} 18. Bxg7 {[%emt 0:00:09]} Kxg7 {[%emt 0:00:01]} 19. b3 {[%emt 0:00:01]} Qa5 {[%emt 0:00:40]} 20. Rfb1 {[%emt 0:00:19]} Qb4 {[%emt 0:00:13]} 21. h3 {[%emt 0:00:13]} Rc8 {[%emt 0:00:04]} 22. Nd2 {[%emt 0:00:09]} Qd4 {[%emt 0:01:03]} 23. Qb2 {[%emt 0:00:09]} Qxb2 {[%emt 0:00:04]} 24. Rxb2 {[%emt 0:00:02]} Ne5 {[%emt 0:00:12]} 25. f3 {[%emt 0:00:39]} c4 {[%emt 0:00:08]} 26. Nxc4 {[%emt 0:00:03]} Nxc4 {[%emt 0:00:01]} 27. bxc4 {[%emt 0:00:01]} Rxc4 {[%emt 0:00:01]} 28. a5 {[%emt 0:00:03]} Ra6 {[%emt 0:00:16]} 29. Rb5 {[%emt 0:00:10]} f5 {[%emt 0:00:02]} 30. exf5 gxf5 31. Re1 {[%emt 0:00:06]} Kf7 {[%emt 0:00:02]} 32. Rb7 {[%emt 0:00:02]} Rc5 {[%emt 0:00:01]} 33. Rexe7+ Kf6 34. Re6+ {[%emt 0:00:03]} Kg5 {[%emt 0:00:02]} 35. Rxh7 {[%emt 0:00:06]} Kf4 {[%emt 0:00:03]} 36. Rh4+ {[%emt 0:00:02]} Kg3 {[%emt 0:00:00]} 37. Rg6+ {[%emt 0:00:12]} Kxh4 {[%emt 0:00:01]} 38. Kh2 {[%emt 0:00:02]} Rc2 {[%emt 0:00:02]} 39. f4 {[%emt 0:00:05]} Rxa5 {[%emt 0:00:03]} 40. Rxd6 {[%emt 0:00:02]} Kh5 {[%emt 0:00:02]} 41. Rd8 {[%emt 0:00:03]} Raa2 {[%emt 0:00:02]} 42. Rg8 {[%emt 0:00:02]} Rd2 {[%emt 0:00:01]} 43. Rg5+ {[%emt 0:00:01]} Kh6 {[%emt 0:00:01]} 44. d6 {[%emt 0:00:03]} Rxd6 {[%emt 0:00:01]} 45. Rxf5 {[%emt 0:00:01]} Rdd2 {[%emt 0:00:02]} 46. Rg5 {[%emt 0:00:01]} Rf2 {[%emt 0:00:00]} 47. Rg4 {[%emt 0:00:02]} Kh7 {[%emt 0:00:08]} 48. h4 {[%emt 0:00:02]} Kh6 {[%emt 0:00:02]} 49. Kh3 {[%emt 0:00:04]} Ra3+ {[%emt 0:00:01]} 50. g3 {[%emt 0:00:02]} Raa2 {[%emt 0:00:01]} 51. Rg5 {[%emt 0:00:02]} Rg2 {[%emt 0:00:03]} 52. Rg8 {[%emt 0:00:06]} Rg1 {[%emt 0:00:02]} 53. Rg5 {[%emt 0:00:05]} Rf2 {[%emt 0:00:01]} 54. h5 {[%emt 0:00:12]} Rd2 {[%emt 0:00:03]} 55. Kg4 {[%emt 0:00:02]} Rdg2 {[%emt 0:00:01]} 56. Rg6+ {[%emt 0:00:01]} Kh7 {[%emt 0:00:01]} 57. Kh4 {[%emt 0:00:03]} Rh2+ {[%emt 0:00:03]} 58. Kg4 {[%emt 0:00:01]} Rgh1 {[%emt 0:00:01]} 59. Rg5 {[%emt 0:00:02]} Ra1 {[%emt 0:00:05]} 1/2-1/2

[Event "RUS-ch Blitz Women 2018"]
[Site "Sochi"]
[Date "2018.10.07"]
[Round "10"]
[White "Lysenko, Margarita"]
[Black "Dordzhieva, Dinara"]
[Result "0-1"]
[WhiteElo "2210"]
[BlackElo "2340"]
[Annotator "NA"]
[PlyCount "88"]
[EventDate "2018.10.07"]
[EventType "swiss"]
[EventCountry "RUS"]
[SourceTitle "playchess.com"]
[Source "ChessBase"]
[SourceQuality "1"]
[TimeControl "180+2"]

1. Nf3 {[%emt 0:00:00]} d5 {[%emt 0:00:00]} 2. g3 {[%emt 0:00:01]} g6 {[%emt 0:00:04]} 3. Bg2 Bg7 4. O-O e5 5. c4 {[%emt 0:00:10]} d4 {[%emt 0:00:03]} 6. e3 {[%emt 0:00:04]} Nc6 {[%emt 0:00:01]} 7. exd4 {[%emt 0:00:06]} exd4 {[%emt 0:00:01]} 8. Re1+ {[%emt 0:00:29]} Nge7 {[%emt 0:00:01]} 9. d3 {[%emt 0:00:02]} O-O {[%emt 0:00:03]} 10. Na3 {[%emt 0:00:06]} h6 {[%emt 0:00:07]} 11. Nc2 {[%emt 0:00:04]} a5 {[%emt 0:00:04]} 12. b3 {[%emt 0:00:04]} Bf5 {[%emt 0:00:09]} 13. Nh4 {[%emt 0:00:07]} Be6 {[%emt 0:00:05]} 14. Rb1 {[%emt 0:00:17]} Qd7 {[%emt 0:00:01]} 15. a3 {[%emt 0:00:08]} Bg4 {[%emt 0:00:09]} 16. Qd2 {[%emt 0:00:24]} Ne5 {[%emt 0:00:17]} 17. f4 {[%emt 0:00:11]} N5c6 {[%emt 0:00:05]} 18. Bb2 {[%emt 0:00:07]} Rfe8 {[%emt 0:00:08]} 19. b4 {[%emt 0:00:03]} axb4 {[%emt 0:00:05]} 20. axb4 {[%emt 0:00:02]} Ra2 {[%emt 0:00:01]} 21. b5 {[%emt 0:00:22]} Nd8 {[%emt 0:00:02]} 22. Nb4 {[%emt 0:00:15]} Ra8 {[%emt 0:00:00]} 23. Nf3 {[%emt 0:00:05]} Nf5 {[%emt 0:00:16]} 24. Ne5 {[%emt 0:00:02]} Bxe5 {[%emt 0:00:01]} 25. fxe5 Ne3 26. Nd5 {[%emt 0:00:06]} Nxd5 {[%emt 0:00:27]} 27. Bxd5 {[%emt 0:00:06]} c6 {[%emt 0:00:04]} 28. Bg2 {[%emt 0:00:13]} cxb5 {[%emt 0:00:12]} 29. cxb5 {[%emt 0:00:12]} Bh3 {[%emt 0:00:01]} 30. Be4 {[%emt 0:00:04]} Ne6 {[%emt 0:00:04]} 31. Qxh6 {[%emt 0:00:03]} Bg4 {[%emt 0:00:05]} 32. Rf1 {[%emt 0:00:04]} Ng7 {[%emt 0:00:06]} 33. Rf6 {[%emt 0:00:04]} Rxe5 {[%emt 0:00:03]} 34. Rbf1 {[%emt 0:00:02]} Rh5 {[%emt 0:00:04]} 35. Qf4 {[%emt 0:00:02]} Bf5 {[%emt 0:00:12]} 36. Bxf5 {[%emt 0:00:03]} Nxf5 {[%emt 0:00:01]} 37. g4 {[%emt 0:00:01]} Rh4 {[%emt 0:00:17]} 38. Qg5 {[%emt 0:00:02]} Qc7 {[%emt 0:00:17]} 39. Rxg6+ {[%emt 0:00:02]} fxg6 {[%emt 0:00:02]} 40. Qxg6+ {[%emt 0:00:01]} Ng7 {[%emt 0:00:01]} 41. Rf2 {[%emt 0:00:03]} Re8 {[%emt 0:00:05]} 42. h3 Rxh3 {[%emt 0:00:01]} 43. Qf6 {[%emt 0:00:05]} Qg3+ {[%emt 0:00:01]} 44. Rg2 {[%emt 0:00:02]} Re1+ {[%emt 0:00:01]} 0-1

[Event "RUS-ch Blitz Women 2018"]
[Site "Sochi"]
[Date "2018.10.07"]
[Round "10"]
[White "Sirotkina, Nina"]
[Black "Maletina, Tatiana"]
[Result "1-0"]
[WhiteElo "2188"]
[BlackElo "2270"]
[Annotator "NA"]
[PlyCount "70"]
[EventDate "2018.10.07"]
[EventType "swiss"]
[EventCountry "RUS"]
[SourceTitle "playchess.com"]
[Source "ChessBase"]
[SourceQuality "1"]
[TimeControl "180+2"]

1. d4 {[%emt 0:00:00]} d5 {[%emt 0:00:00]} 2. Bf4 {[%emt 0:00:00]} Nf6 {[%emt 0:00:01]} 3. e3 {[%emt 0:00:02]} c5 {[%emt 0:00:01]} 4. c3 {[%emt 0:00:01]} Nc6 {[%emt 0:00:01]} 5. Nd2 {[%emt 0:00:01]} e6 {[%emt 0:00:02]} 6. Ngf3 {[%emt 0:00:02]} cxd4 {[%emt 0:00:01]} 7. exd4 {[%emt 0:00:01]} Nh5 {[%emt 0:00:01]} 8. Bg5 {[%emt 0:00:07]} f6 {[%emt 0:00:01]} 9. Nh4 {[%emt 0:00:25]} g6 {[%emt 0:00:06]} 10. Be3 {[%emt 0:00:03]} f5 {[%emt 0:00:06]} 11. Be2 {[%emt 0:00:09]} Qxh4 {[%emt 0:00:03]} 12. g3 {[%emt 0:00:19]} Qf6 {[%emt 0:00:01]} 13. Bxh5 {[%emt 0:00:02]} gxh5 {[%emt 0:00:01]} 14. Qxh5+ {[%emt 0:00:02]} Qf7 {[%emt 0:00:01]} 15. Qf3 {[%emt 0:00:06]} Bd7 {[%emt 0:00:06]} 16. O-O-O {[%emt 0:00:03]} O-O-O {[%emt 0:00:02]} 17. Bf4 {[%emt 0:00:01]} h5 {[%emt 0:00:08]} 18. Nb3 {[%emt 0:00:07]} b6 {[%emt 0:00:02]} 19. Kb1 {[%emt 0:00:06]} Kb7 {[%emt 0:00:02]} 20. Qd3 {[%emt 0:00:20]} a6 {[%emt 0:00:16]} 21. a4 {[%emt 0:00:17]} Bh6 {[%emt 0:00:23]} 22. Bxh6 {[%emt 0:00:10]} Rxh6 {[%emt 0:00:01]} 23. a5 {[%emt 0:00:00]} Nxa5 {[%emt 0:00:05]} 24. Nxa5+ {[%emt 0:00:04]} bxa5 {[%emt 0:00:02]} 25. c4 {[%emt 0:00:23]} dxc4 {[%emt 0:00:01]} 26. Qxc4 {[%emt 0:00:02]} Bb5 {[%emt 0:00:01]} 27. Qb3 {[%emt 0:00:14]} Qd7 {[%emt 0:00:03]} 28. Rhe1 {[%emt 0:00:07]} Qd5 {[%emt 0:00:03]} 29. Qe3 {[%emt 0:00:08]} Rg6 {[%emt 0:00:10]} 30. Qf4 {[%emt 0:00:07]} Rc8 {[%emt 0:00:07]} 31. Re5 {[%emt 0:00:09]} Qb3 {[%emt 0:00:02]} 32. Qd2 {[%emt 0:00:11]} a4 {[%emt 0:00:17]} 33. d5 {[%emt 0:00:03]} Bc4 {[%emt 0:00:12]} 34. dxe6 {[%emt 0:00:12]} Qa2+ {[%emt 0:00:01]} 35. Kc1 {[%emt 0:00:01]} Bb3+ {[%emt 0:00:03]} 1-0

[Event "RUS-ch Blitz Women 2018"]
[Site "Sochi"]
[Date "2018.10.07"]
[Round "10"]
[White "Vinokur, Yuliya"]
[Black "Ambartsumova, Karina"]
[Result "1-0"]
[WhiteElo "2170"]
[BlackElo "2379"]
[Annotator "NA"]
[PlyCount "105"]
[EventDate "2018.10.07"]
[EventType "swiss"]
[EventCountry "RUS"]
[SourceTitle "playchess.com"]
[Source "ChessBase"]
[SourceQuality "1"]
[TimeControl "180+2"]

1. d4 {[%emt 0:00:00]} Nf6 {[%emt 0:00:00]} 2. c4 {[%emt 0:00:01]} d6 {[%emt 0:00:00]} 3. Nc3 {[%emt 0:00:02]} e5 {[%emt 0:00:00]} 4. e3 {[%emt 0:00:21]} Nbd7 {[%emt 0:00:08]} 5. Nf3 {[%emt 0:00:02]} g6 {[%emt 0:00:01]} 6. dxe5 $11 {[%emt 0:00:06]} dxe5 {[%emt 0:00:10]} 7. Be2 {[%emt 0:00:01]} Bg7 {[%emt 0:00:03]} 8. O-O {[%emt 0:00:02]} O-O {[%emt 0:00:01]} 9. b3 {[%emt 0:00:12]} Re8 {[%emt 0:00:15]} 10. Ba3 {[%emt 0:00:08]} b6 {[%emt 0:00:31]} 11. Qd2 {[%emt 0:00:16]} Bb7 {[%emt 0:00:07]} 12. Rfd1 {[%emt 0:00:01]} e4 {[%emt 0:00:27]} 13. Nd4 {[%emt 0:00:11]} Ne5 {[%emt 0:00:10]} 14. Ndb5 {[%emt 0:00:07]} Qc8 {[%emt 0:00:08]} 15. Nd5 {[%emt 0:00:46]} Nxd5 {[%emt 0:00:18]} 16. cxd5 {[%emt 0:00:13]} a6 {[%emt 0:00:15]} 17. Nc3 {[%emt 0:00:06]} Qf5 {[%emt 0:00:19]} 18. Rac1 {[%emt 0:00:05]} Rad8 19. Qc2 {[%emt 0:00:07]} Ng4 {[%emt 0:00:07]} 20. Bxg4 {[%emt 0:00:12]} Qxg4 {[%emt 0:00:16]} 21. Bb2 {[%emt 0:00:02]} b5 {[%emt 0:00:02]} 22. Ne2 Bxd5 {[%emt 0:00:08]} 23. Bxg7 {[%emt 0:00:11]} Kxg7 {[%emt 0:00:00]} 24. Qb2+ {[%emt 0:00:01]} Kg8 {[%emt 0:00:04]} 25. Rxc7 {[%emt 0:00:05]} Be6 {[%emt 0:00:05]} 26. Rcc1 {[%emt 0:00:04]} Qg5 {[%emt 0:00:05]} 27. Nf4 Bg4 28. Rd4 {[%emt 0:00:12]} Rxd4 {[%emt 0:00:05]} 29. Qxd4 {[%emt 0:00:02]} Qe5 {[%emt 0:00:05]} 30. Qxe5 {[%emt 0:00:06]} Rxe5 {[%emt 0:00:00]} 31. Rc6 {[%emt 0:00:01]} a5 {[%emt 0:00:01]} 32. h3 {[%emt 0:00:04]} Bd7 {[%emt 0:00:03]} 33. Rd6 {[%emt 0:00:03]} Be8 {[%emt 0:00:01]} 34. Rd8 {[%emt 0:00:03]} Kg7 {[%emt 0:00:01]} 35. Nd5 {[%emt 0:00:02]} Bc6 {[%emt 0:00:02]} 36. Nf4 {[%emt 0:00:06]} h6 {[%emt 0:00:04]} 37. Ne2 {[%emt 0:00:03]} Rc5 {[%emt 0:00:03]} 38. Nd4 {[%emt 0:00:01]} Bd5 {[%emt 0:00:02]} 39. Rb8 {[%emt 0:00:03]} b4 {[%emt 0:00:01]} 40. Rd8 {[%emt 0:00:03]} Bb7 {[%emt 0:00:06]} 41. Rd7 {[%emt 0:00:02]} Bd5 {[%emt 0:00:02]} 42. Kh2 {[%emt 0:00:01]} h5 {[%emt 0:00:01]} 43. Kg3 {[%emt 0:00:02]} Kf6 {[%emt 0:00:01]} 44. h4 {[%emt 0:00:04]} Kg7 {[%emt 0:00:03]} 45. Kf4 {[%emt 0:00:01]} Kf6 {[%emt 0:00:01]} 46. f3 {[%emt 0:00:05]} exf3 {[%emt 0:00:01]} 47. gxf3 {[%emt 0:00:02]} Kg7 {[%emt 0:00:02]} 48. e4 {[%emt 0:00:01]} Bc6 {[%emt 0:00:07]} 49. Ne6+ {[%emt 0:00:01]} Kf6 {[%emt 0:00:01]} 50. Nxc5 {[%emt 0:00:01]} Bxd7 {[%emt 0:00:02]} 51. Nxd7+ {[%emt 0:00:02]} Ke6 {[%emt 0:00:01]} 52. Nc5+ Kd6 53. Nb7+ {[%emt 0:00:01]} 1-0

[Event "RUS-ch Blitz Women 2018"]
[Site "Sochi"]
[Date "2018.10.07"]
[Round "10"]
[White "Vasilevich, Irina"]
[Black "Borisova, Ekaterina"]
[Result "1-0"]
[WhiteElo "2160"]
[BlackElo "2256"]
[Annotator "NA"]
[PlyCount "61"]
[EventDate "2018.10.07"]
[EventType "swiss"]
[EventCountry "RUS"]
[SourceTitle "playchess.com"]
[Source "ChessBase"]
[SourceQuality "1"]
[TimeControl "180+2"]

1. b3 {[%emt 0:00:00]} d5 {[%emt 0:00:02]} 2. Bb2 {[%emt 0:00:00]} Bg4 {[%emt 0:00:00]} 3. h3 {[%emt 0:00:03]} Bf5 {[%emt 0:00:04]} 4. e3 {[%emt 0:00:03]} Nd7 {[%emt 0:00:04]} 5. d3 {[%emt 0:00:02]} e5 {[%emt 0:00:06]} 6. Nd2 {[%emt 0:00:01]} Ngf6 {[%emt 0:00:02]} 7. Be2 {[%emt 0:00:02]} Bd6 {[%emt 0:00:01]} 8. a3 {[%emt 0:00:01]} a5 {[%emt 0:00:02]} 9. Ngf3 {[%emt 0:00:05]} O-O {[%emt 0:00:03]} 10. g4 {[%emt 0:00:01]} Bg6 {[%emt 0:00:01]} 11. Rg1 {[%emt 0:00:07]} e4 {[%emt 0:00:26]} 12. dxe4 {[%emt 0:00:08]} dxe4 {[%emt 0:00:02]} 13. Nh4 {[%emt 0:00:12]} Bh2 {[%emt 0:00:17]} 14. Rg2 {[%emt 0:00:10]} Bd6 {[%emt 0:00:36]} 15. Nxg6 {[%emt 0:00:04]} fxg6 {[%emt 0:00:02]} 16. g5 {[%emt 0:00:06]} Nd5 {[%emt 0:00:07]} 17. Nxe4 {[%emt 0:00:03]} N7b6 {[%emt 0:00:08]} 18. c4 {[%emt 0:00:10]} Qe7 {[%emt 0:00:43]} 19. Nxd6 {[%emt 0:00:07]} Nxe3 {[%emt 0:00:03]} 20. fxe3 {[%emt 0:00:06]} cxd6 {[%emt 0:00:01]} 21. Qd4 {[%emt 0:00:08]} Nd7 {[%emt 0:00:01]} 22. O-O-O {[%emt 0:00:05]} Ra6 {[%emt 0:00:01]} 23. Kb1 {[%emt 0:00:47]} Nc5 {[%emt 0:00:12]} 24. Ka2 {[%emt 0:00:07]} a4 {[%emt 0:00:12]} 25. b4 {[%emt 0:00:02]} Nb3 {[%emt 0:00:01]} 26. Qd5+ {[%emt 0:00:03]} Kh8 {[%emt 0:00:01]} 27. c5 {[%emt 0:00:10]} Rc6 {[%emt 0:00:07]} 28. cxd6 {[%emt 0:00:04]} Qd8 {[%emt 0:00:05]} 29. Bb5 {[%emt 0:00:05]} Rc8 {[%emt 0:00:05]} 30. Bxa4 {[%emt 0:00:04]} Rf5 {[%emt 0:00:03]} 31. Qxb3 {[%emt 0:00:04]} 1-0